Top 10 strzelców Premier League - Statystyki

Ogólne statystyki
  • Ten quiz został rozwiązany 1 364 razy
  • Średni wynik to 5 z 10
Statystyki odpowiedzi
Gole Piłkarz % Poprawnych
208 Wayne Rooney
82%
164* Sergio Aguero
79%
260 Alan Shearer
68%
176 Thierry Henry
67%
176 Frank Lampard
53%
150 Michael Owen
47%
188 Andy Cole
27%
162 Robbie Fowler
16%
163 Jermain Defoe
14%
149 Les Ferdinand
6%
Nie znaleziono quizów pasujących do podanych kryteriów
Rozkład punktacji
Procent ludzi z każdym wynikiem
Percentyl według liczby udzielonych odpowiedzi
Twoja historia wyników
Nie rozwiązałeś tego quizu